000 00789nam a22002417a 4500
999 _c315997
_d315997
001 29604
003 UA-OsUOA
005 20191120100424.0
007 ta
008 20041014b un ||||| |||| 00| 0 ukr d
040 _aUA-OsUOA
_bukr
_cUA-OsUOA
_dUA-OsUOA
041 _aukr
044 _aUA
080 _a82.09(477)
090 _a82.09(477)
_bС79
100 _aСтепняк-Кравчинський С. М.
245 _aАндрій Кожухов. Роман. Будиночок на Волзі. Повість. Підпільна Росія. Нариси
_cС. М. Степняк-Кравчинський; пер. з рос. М. Видиша, Р. Каруцяк
260 _aК.
_bДніпро
_c1979
300 _a479 с.
650 7 _2UDC
942 _cBK
_2udc
955 _a0